[Event "Tata Steel India 2018-Blitz"]
[Site "Kolkata"]
[Date "2018.11.13"]
[Round "1"]
[White "Mamedyarov, Shakhriyar"]
[Black "Karjakin, Sergey"]
[Result "1/2-1/2"]
[WhiteElo "2817"]
[BlackElo "2753"]
[Annotator "TA"]
[PlyCount "55"]
[EventDate "2018.11.09"]
[EventType "tourn"]
[EventCountry "IND"]
[SourceTitle "playchess.com"]
[Source "ChessBase"]
[SourceQuality "1"]

{[%evp 12,55,13,10,14,0,0,0,0,0,0,-6,0,0,0,0,6,6,13,8,11,-12,0,-10,0,-10,0,-7,6,-16,-13,-20,-18,-10,-14,-18,-17,-27,-6,-12,-6,-7,0,-8,-6,-14]} 1. d4 Nf6 2. c4 e6 3. Nf3 d5 4. Bg5 Nbd7 5. e3 h6 6. Bh4 {D30: Queen's Gambit Declined: Systems without Nc3} Be7 7. Qc2 {LiveBook: 3 Games} O-O 8. cxd5 $146 ({Predecessor:} 8. Nc3 c5 9. dxc5 Nxc5 10. cxd5 exd5 11. Rd1 Qa5 12. Bd3 Nce4 13. Bxe4 dxe4 14. Nd4 Bg4 15. Rc1 Rfe8 16. h3 Bd7 {½-½ (60) Adly,A (2625)-Ibrahim,H (2331) Beirut 2017}) 8... Nxd5 9. Bxe7 Qxe7 10. Bc4 N5f6 11. Nc3 c5 12. O-O cxd4 13. Nxd4 Ne5 14. Be2 Bd7 15. Qb3 Rab8 16. a4 Rfc8 17. a5 Nc6 18. Rfd1 Nxd4 19. Rxd4 Bc6 20. Bb5 a6 21. Bxc6 Rxc6 22. h3 Qc7 23. Qb4 b6 24. Rd2 bxa5 25. Qxa5 {The position is equal.} Qxa5 26. Rxa5 Kf8 27. Kf1 Ke7 28. Ra4 {Precision: White = 45%, Black = 63%.} 1/2-1/2

[Event "Tata Steel India 2018-Blitz"]
[Site "Kolkata"]
[Date "2018.11.13"]
[Round "1"]
[White "Aronian, Levon"]
[Black "Vidit, Santosh Gujrathi"]
[Result "1/2-1/2"]
[WhiteElo "2765"]
[BlackElo "2702"]
[Annotator "TA"]
[PlyCount "153"]
[EventDate "2018.11.09"]
[EventType "tourn"]
[EventCountry "IND"]
[SourceTitle "playchess.com"]
[Source "ChessBase"]
[SourceQuality "1"]

{[%evp 26,153,14,4,4,-3,4,0,0,-19,23,20,21,23,23,12,33,0,33,29,20,12,17,13,22,15,22,16,30,23,19,-7,-2,-9,-10,-37,-30,-52,-54,-49,-8,-8,-8,-394,-370,-576,-221,-220,-226,-264,-111,-249,-260,-227,-227,-242,-226,-212,-203,-680,-145,-379,-146,-152,-163,-188,-151,-334,-327,-470,-207,-308,-194,-302,-289,-358,-368,-374,-385,-440,-34,-27,-31,-30,-17,-21,0,-56,-8,-8,-8,-8,-8,-8,-2,-2,-2,-7,-8,-178,-178,-178,-178,-178,-178,-178,-178,-938,-947,-938,-901,-872,-837,-837,-14,-14,0,-278,-8,-8,0,0,0,0,0,0,0,0,0,0]} 1. e4 e5 2. Nf3 Nc6 3. Bc4 Bc5 4. c3 Nf6 5. d4 exd4 6. e5 d5 7. Bb5 Ne4 8. cxd4 Bb6 9. Nc3 O-O 10. Be3 {C54: Giuoco Piano: 4 c3 Nf6, main lines with 5 d4 and 5 d3} Bg4 11. h3 Bh5 12. Qc2 Bg6 13. Qb3 Ne7 14. O-O {LiveBook: 19 Games} c6 15. Bd3 Nd2 {[#]} 16. Bxd2 $146 {Hoping for Ne2.} ({Predecessor:} 16. Nxd2 Bxd3 17. Rfd1 Nf5 18. Nxd5 {½-½ (40) Inarkiev,E (2693)-Ding,L (2772) Antalya 2017}) 16... Bxd3 17. Rfe1 Bg6 18. Na4 Be4 19. Nxb6 axb6 20. Bb4 Re8 21. Bxe7 Rxe7 (21... Qxe7 {looks sharper.} 22. a3 b5 23. Qe3 Bg6 24. Nd2 Ra4) 22. Nd2 Bg6 23. Qc3 c5 24. dxc5 Rc8 25. b4 bxc5 26. bxc5 b6 27. c6 Rec7 28. Nf3 Rxc6 29. Qe3 Rc3 30. Qe2 Bh5 {aiming for ...Bxf3.} 31. g4 Bg6 {[%cal Bh5g6,Bg6e4,Be4f3][%mdl 32]} 32. e6 Be4 33. exf7+ Kxf7 34. Ne5+ $2 {[%mdl 8192]} (34. Nd2 $1 $11) 34... Kg8 $1 $19 35. f3 (35. Qd2 $142 Rxh3 36. Rxe4 dxe4 37. Rc1 $1 {[%mdl 512]}) 35... Qf6 $2 (35... Rc2 36. fxe4 Rxe2 37. Rxe2 Qh4) 36. Qh2 Bxf3 37. Rf1 Re3 (37... b5 $19 38. Nxf3 Rxf3 39. Rxf3 Qxf3) 38. Rae1 (38. Qg3 $17 {keeps fighting.}) 38... Rxe1 39. Rxe1 Be4 $40 {[%mdl 128] ...Re8 is the strong threat. Black attacks with force.} 40. Rf1 Qe7 41. Qf4 h6 42. Rf2 $2 (42. Qf7+ Qxf7 43. Nxf7) 42... Re8 $2 (42... Qa3 $19 43. Nd7 Qxh3) 43. Nc6 $2 (43. Qf7+ $17 Qxf7 44. Nxf7) 43... Qd7 $2 (43... Qc5 $19 {has better winning chances.} 44. Ne5 (44. Qf7+ $2 Kh7 $19) 44... Qc3 45. Qf7+ Kh7) 44. Nd4 Bg6 45. Nf3 Qe6 46. Qc7 $2 (46. a4 $17) 46... Qe3 47. Qc6 (47. Qd6 $142 Be4 48. Nd2) 47... Bf7 (47... Rf8 $2 48. Qxg6 Rxf3 49. Qc2 $19) (47... Kh7 $142 {White must now prevent ...Rf8.} 48. Qxd5 Rf8) 48. Kf1 (48. Qd6 {might work better.}) 48... Qc5 49. Qd7 (49. Qxc5 {is a better defense.} bxc5 50. Re2) 49... Re7 50. Qf5 d4 51. Rd2 Bc4+ 52. Kf2 d3+ $2 ({Black should try} 52... Qc7 $19 53. Kg2 d3) 53. Qxc5 $15 bxc5 {[%mdl 4096] Endgame KRB-KRN} 54. Ne1 $1 Rd7 55. Ke3 $1 Re7+ 56. Kf2 Ra7 57. Nxd3 Bxd3 58. Rxd3 Rxa2+ $11 {KR-KR} 59. Ke3 c4 60. Rc3 Ra4 61. Kd4 Kf7 62. Kc5 $2 (62. Rf3+ $11 {and White stays safe.} Kg6 63. Rf5) 62... Kg6 $19 63. Kb5 Ra8 $1 64. Rxc4 Rb8+ 65. Ka4 Kg5 $1 66. Rc7 $2 (66. Rc5+ Kf4 67. Rc7) 66... g6 $1 67. Rc6 {[#]} Rg8 $1 68. Kb3 {[#]} Kh4 $1 {[%cal Rh4h3]} 69. Rc3 Rd8 $2 (69... g5 $19 {With the idea ...Re8.} 70. Rd3 Rf8) 70. Rc6 $1 $11 Rg8 $2 {[%mdl 8192]} (70... Rb8+ $11 71. Kc2 Rg8) 71. Rc3 $19 h5 $2 (71... Rb8+ $19 72. Kc2 g5) 72. gxh5 $11 {The position is equal.} gxh5 {Threatens to win with ...Rg3.} 73. Kc2 Rg2+ 74. Kd1 Rg3 75. Rxg3 Kxg3 76. Ke2 Kxh3 {( -> ...Kg2)} 77. Kf1 {Precision: White = 40%, Black = 44%.} 1/2-1/2

[Event "Tata Steel India 2018-Blitz"]
[Site "Kolkata"]
[Date "2018.11.13"]
[Round "1"]
[White "So, Wesley"]
[Black "Anand, Viswanathan"]
[Result "1/2-1/2"]
[WhiteElo "2765"]
[BlackElo "2773"]
[Annotator "TA"]
[PlyCount "80"]
[EventDate "2018.11.09"]
[EventType "tourn"]
[EventCountry "IND"]
[SourceTitle "playchess.com"]
[Source "ChessBase"]
[SourceQuality "1"]

{[%evp 23,80,39,29,0,0,0,10,7,58,7,16,6,32,13,28,-26,64,13,16,26,80,29,71,31,65,32,58,38,44,-3,0,-22,29,29,29,29,33,0,0,0,0,0,8,8,11,9,9,2,9,9,83,9,16,0,83,0,10,0,80]} 1. e4 e5 2. Nf3 Nc6 3. Bb5 {[%cal Bf1b5,Bb5a4,Ba4b3][%mdl 32]} a6 4. Ba4 Nf6 5. O-O Nxe4 6. d4 b5 7. Bb3 d5 8. dxe5 Be6 9. Nbd2 Be7 10. c3 O-O 11. Bc2 f5 12. Nb3 Qd7 {LiveBook: 142 Games} 13. Qe1 {[#] C83: Open Ruy Lopez: 9 c3 Be7} Bf7 $146 ({Predecessor:} 13... a5 14. a4 bxa4 15. Nbd4 Nxd4 16. Nxd4 Nc5 17. Ra2 Nb3 18. Nxe6 Qxe6 19. Rxa4 Nxc1 20. Qxc1 Qxe5 {½-½ (31) Vitiugov,N (2726)-Vidit,S (2711) Batumi 2018}) 14. Nbd4 Nd8 15. b4 Bh5 (15... a5 $11) 16. Bb2 (16. a4 $14 Nc6 17. Bb2 (17. axb5 axb5 18. Rxa8 Rxa8 $16)) 16... Bxf3 17. Nxf3 Ne6 18. Rd1 c6 19. a4 (19. Nd4 $142) 19... Qc7 (19... bxa4 $11 20. Bxa4 a5) 20. Nd4 ({Better is} 20. a5 $14) 20... Nxd4 $11 21. cxd4 Ng5 (21... a5 $11) 22. Bc3 (22. f4 $16 Ne4 23. a5) 22... g6 23. Qe2 Qd7 24. Ra1 Ne6 25. f4 a5 26. axb5 axb4 27. Bb2 cxb5 (27... Rxa1 $142 28. Rxa1 c5) 28. Bb3 Rxa1 29. Rxa1 Rc8 30. g3 {[%cal Bg2g3,Bg3g4][%mdl 1056] White has compensation.} (30. Qf3 $5 {[%cal Rf3d5]} Rd8 31. g4 $14) 30... Rc4 31. Qd2 Qb7 32. h3 Qb6 {[%cal Re6d4]} 33. Kh1 Qb7 34. g4 {aiming for gxf5.} Ng7 35. Kh2 Kf7 36. Qg2 Ke6 (36... Kf8 $11 {keeps the balance.}) 37. Ra5 (37. Bd1 $16) 37... Bd8 38. Ra1 (38. Ra2 $11) 38... Be7 $16 39. Ra5 (39. Bd1 $16) 39... Bd8 $11 40. Ra1 ({White should try} 40. Ra2 $11) 40... Be7 {Precision: White = 23%, Black = 33%.} 1/2-1/2

[Event "Tata Steel India 2018-Blitz"]
[Site "Kolkata"]
[Date "2018.11.13"]
[Round "1"]
[White "Nakamura, Hikaru"]
[Black "Ganguly, Surya Shekhar"]
[Result "1-0"]
[WhiteElo "2746"]
[BlackElo "2615"]
[Annotator "TA"]
[PlyCount "55"]
[EventDate "2018.11.09"]
[EventType "tourn"]
[EventCountry "IND"]
[SourceTitle "playchess.com"]
[Source "ChessBase"]
[SourceQuality "1"]

{[%evp 13,55,-1,0,0,0,0,0,0,0,0,0,0,11,0,44,13,35,18,66,16,24,36,43,29,33,0,35,0,124,118,127,112,110,110,102,119,305,310,299,298,612,593,665,672]} 1. Nf3 d5 2. e3 Nf6 3. c4 e6 4. b3 b6 5. Bb2 Bb7 6. cxd5 {A13: English Opening: 1...e6} exd5 7. Nc3 Nbd7 {LiveBook: 7 Games} 8. Rc1 {The position is equal.} a6 9. d4 Bd6 10. g3 O-O 11. Bg2 Qe7 12. O-O Rfe8 13. Nd2 $146 ({Predecessor:} 13. Ne2 Rac8 {1-0 (43) Artemiev,V (2703)-Harutyunian,T (2504) Kazan 2018}) 13... Rad8 14. Qc2 (14. Nc4 $5) 14... c5 15. dxc5 bxc5 16. Rfd1 Nb6 17. Nf3 Bb8 18. Ba3 Rc8 19. Ne2 {[%cal Ra3c5]} Ne4 20. Nc3 Qf6 (20... Nf6 $11) 21. Nxe4 $16 dxe4 22. Nd2 {[%cal Rd2e4]} Qe6 23. Bxc5 {Strongly threatening Nxe4!} Nd7 24. b4 {Threatens to win with Nxe4!} Bd5 $2 {[#]} (24... f5 $16) 25. Nxe4 $1 $18 {[%mdl 512]} Bxe4 26. Bxe4 Nxc5 $2 (26... Qxe4 27. Rxd7 Qe6) 27. Bf5 Ne4 28. Qxc8 {Precision: White = 54%, Black = 32%.} 1-0

[Event "Tata Steel India 2018-Blitz"]
[Site "Kolkata"]
[Date "2018.11.13"]
[Round "1"]
[White "Harikrishna, Pentala"]
[Black "Praggnanandhaa R"]
[Result "1-0"]
[WhiteElo "2729"]
[BlackElo "2530"]
[Annotator "TA"]
[PlyCount "121"]
[EventDate "2018.11.09"]
[EventType "tourn"]
[EventCountry "IND"]
[SourceTitle "playchess.com"]
[Source "ChessBase"]
[SourceQuality "1"]

{[%evp 13,121,20,19,19,20,13,5,0,0,-18,-17,-23,0,0,0,-9,0,0,0,-35,-30,-25,-15,-7,0,0,0,1,11,-11,-10,-16,-5,-12,-10,-2,-5,-3,0,-85,54,-78,-72,-80,-70,-65,-5,-63,-77,-126,-66,-113,-68,-99,-72,-82,-68,-68,-70,-68,-47,-37,-34,-36,-30,-121,0,-79,-79,-96,-96,-96,-96,-110,-96,-103,0,-100,-101,-99,-62,-97,-67,-81,-77,-195,-55,-81,-88,-83,-65,-68,-51,-30,5,-6,75,81,1033,973,924,917,833,816,1368,1353,1264,1202,29968,12253]} 1. e4 c6 2. Nf3 d5 3. Nc3 Bg4 4. h3 Bxf3 5. Qxf3 e6 6. Be2 Bc5 {B11: Caro-Kann (Zweispringer-Variante)} 7. O-O Nd7 {LiveBook: 6 Partien} 8. Qg3 Bd4 {Die Stellung ist ausgeglichen.} 9. exd5 exd5 10. Qg4 $146 ({Vorgänger:} 10. d3 Ne7 11. Bf4 O-O 12. Bc7 Qc8 13. Bg4 f5 14. Bh5 {1-0 (47) Stevic,H (2621)-Bodiroga,P (2399) Zadar 2010}) 10... Qf6 11. d3 (11. Nd1 {feels hotter.} Bb6 12. d3 h5 13. Qf3 Kf8 14. Ne3) 11... h5 12. Qf4 Qxf4 (12... Ne7 {is more complex.} 13. Nd1 Be5 14. Qxf6 Bxf6 15. c3 d4) 13. Bxf4 O-O-O 14. Rfe1 Bf6 15. Bd2 Ne7 {[%cal Bg8e7,Be7f5,Bf5d6,Bd6e4][%mdl 32]} 16. Nd1 Nf5 17. c3 g6 18. d4 Rde8 19. Ne3 {Droht Sxf5.} Nd6 20. Rad1 Re6 21. b3 Ne4 22. c4 Bxd4 23. cxd5 cxd5 24. Bc1 Bc3 25. Rf1 $1 d4 26. Nd5 (26. Nc2 $11) 26... Re5 (26... Ne5 $17) 27. Nf4 (27. Bc4 $14 {war der einzige gute Zug.}) 27... Rhe8 $36 {[%mdl 2048] Schwarz ist am Drücker.} 28. Bd3 Nd6 29. Ba3 Nc5 ({Günstiger ist} 29... Nb5 $15 30. Bc1 Nd6) 30. Bxc5 (30. Ne2 $1 $11) 30... Rxc5 $15 31. h4 Rce5 ({Lieber} 31... Ra5 $17 32. Rc1 Rxa2) 32. a3 a5 33. g3 Kd7 34. Kg2 Nb5 35. a4 Nd6 36. Rb1 Kc7 37. Rbc1 Kb6 38. Rc2 Ka7 39. Re2 (39. Be2 $11) 39... Kb6 (39... Rxe2 $17 40. Nxe2 Kb6) 40. Rxe5 (40. Rc2 $1 $11) 40... Rxe5 $17 41. Rb1 Kc5 42. Bf1 {Schwarz sollte Sd3+ verhindern.} Re7 43. Nd3+ Kb6 44. Nf4 {Sd5+ ist eine echte Drohung.} Re5 (44... Kc6 $17 45. Rc1 Ne4) 45. Nd3 (45. Bd3 $11 {bleibt in der Remisbreite.}) 45... Re8 46. Nf4 Rc8 47. Nd3 Bd2 48. Rd1 Rc2 49. Ne5 (49. Be2 $17 {war angesagt.}) 49... Bc3 (49... Be3 $1 $19 {Droht stark ...f5.} 50. Nc4+ Nxc4 51. Bxc4 Rxf2+ 52. Kh3 f5) 50. Bd3 Rb2 51. Nc4+ Nxc4 52. Bxc4 {[%mdl 4096] Endspiel KTL-KTL} f6 53. Bf7 g5 54. g4 gxh4 (54... Rd2 $11 {hält das Gleichgewicht.} 55. Rxd2 Bxd2) 55. gxh5 $16 {zielt auf h6 ab.} Bd2 $2 {[%mdl 8192] [#]} (55... Rd2 $16 56. h6 h3+ 57. Kg3 Rxd1) 56. Rxd2 $1 $18 {[%mdl 512]} Rxd2 57. h6 Rc2 58. h7 Rc8 59. Bg8 d3 60. h8=Q d2 61. Qxf6+ {Precision: Weiß = 43%, Schwarz = 29%.} 1-0

[Event "Tata Steel India 2018-Blitz"]
[Site "Kolkata"]
[Date "2018.11.13"]
[Round "2"]
[White "Anand, Viswanathan"]
[Black "Mamedyarov, Shakhriyar"]
[Result "1/2-1/2"]
[WhiteElo "2773"]
[BlackElo "2817"]
[Annotator "TA"]
[PlyCount "71"]
[EventDate "2018.11.09"]
[EventType "tourn"]
[EventCountry "IND"]
[SourceTitle "playchess.com"]
[Source "ChessBase"]
[SourceQuality "1"]

{[%evp 16,71,12,16,10,16,8,12,8,0,7,-11,16,12,0,0,0,0,0,0,12,10,37,22,25,0,40,36,77,65,71,81,81,26,25,20,20,20,20,20,20,20,20,20,22,22,21,14,16,7,14,22,24,21,22,9,34,11]} 1. e4 e5 2. Nf3 Nc6 3. Bb5 a6 4. Ba4 Nf6 5. d3 b5 6. Bb3 Bc5 7. c3 O-O {C77: Ruy Lopez: 3...a6 4 Ba4 Nf6, unusual lines} 8. Bg5 {[%cal Bc1g5,Bg5h4,Bh4g3][%mdl 32]} h6 9. Bh4 {LiveBook: 4 Games} Be7 {The position is equal.} 10. Nbd2 d6 11. Bg3 Na5 12. Bc2 c5 13. O-O $146 ({Predecessor:} 13. Nf1 Bb7 14. Ne3 {½-½ (46) Anand,V (2783)-Le,Q (2739) Saint Louis 2017}) 13... Nc6 14. h3 Be6 15. Re1 Nd7 16. Nf1 Nb6 17. Ne3 Re8 18. a4 Rb8 19. axb5 axb5 20. Nd2 c4 21. dxc4 Nxc4 22. Ndxc4 bxc4 23. Ba4 Qc8 {[#]} 24. Qe2 ({White should play} 24. Nd5 $1 $16) 24... Rd8 $11 25. Nxc4 Nd4 26. cxd4 Bxc4 27. Qd1 exd4 28. b3 {[#] And now Rc1 would win.} Be6 29. Rc1 Qa6 30. Qxd4 Bxb3 31. Bxb3 Rxb3 32. Rc7 Qa5 33. Rec1 Rb1 34. Rxb1 Qxc7 35. Qd5 Rb8 36. Rxb8+ {Precision: White = 61%, Black = 60%.} 1/2-1/2

[Event "Tata Steel India 2018-Blitz"]
[Site "Kolkata"]
[Date "2018.11.13"]
[Round "2"]
[White "Nakamura, Hikaru"]
[Black "Harikrishna, Pentala"]
[Result "1-0"]
[WhiteElo "2746"]
[BlackElo "2729"]
[Annotator "TA"]
[PlyCount "83"]
[EventDate "2018.11.09"]
[EventType "tourn"]
[EventCountry "IND"]
[SourceTitle "playchess.com"]
[Source "ChessBase"]
[SourceQuality "1"]

{[%evp 22,83,22,27,42,16,29,25,42,19,25,0,0,-19,28,20,15,19,20,16,16,10,19,11,23,17,22,0,19,16,41,17,31,0,91,105,185,177,176,163,189,135,146,135,132,107,123,112,112,111,105,110,112,90,97,95,265,264,292,295,679,656,748,725]} 1. Nf3 d5 2. e3 Nf6 3. c4 c6 4. d4 Bf5 5. Nc3 e6 6. Nh4 Be4 7. f3 Bg6 8. Qb3 Qb6 9. Nxg6 hxg6 10. Bd2 {D12: Slav Defence: 3 Nf3 Nf6 4 e3 Bf5} Nbd7 11. O-O-O Qxb3 (11... Be7 12. Be2 O-O 13. Kb1 c5 14. Na4 Qxb3 15. axb3 cxd4 16. exd4 b6 17. Rc1 Rfc8 18. c5 bxc5 19. Ba6 Rcb8 20. dxc5 Rxb3 21. c6 Nb6 22. Ka2 {1-0 (22) Paravyan,D (2629)-Lobanov,S (2539) Sochi 2018}) 12. axb3 {LiveBook: 88 Games. The position is equal.} Be7 13. Bd3 Rc8 $146 ({Predecessor:} 13... O-O-O 14. Be1 Bd6 15. h3 Bc7 16. Bf2 e5 17. dxe5 Nxe5 {½-½ (37) Aberg,A (2438)-Ingbrandt,J (2445) Sweden 2001}) 14. Kb1 a6 15. Ne2 c5 16. cxd5 Nxd5 17. Rc1 O-O 18. e4 N5f6 19. Rhd1 cxd4 20. Nxd4 Rxc1+ 21. Rxc1 Rd8 {aiming for ...Nc5.} 22. Ba5 Re8 23. Be2 g5 24. Rd1 Rc8 (24... g4 $5) 25. Bc3 Nc5 26. Bd2 g4 27. e5 Nfd7 (27... gxf3 $11 {remains equal.} 28. Bxf3 Nd5) 28. f4 $16 g3 (28... f5 $16 {keeps fighting.}) 29. hxg3 $18 Nb6 30. Bf3 Nd5 31. b4 (31. f5 $18) 31... Nd3 $16 32. Bxd5 exd5 33. Nf5 $36 {[%mdl 2048] Black is under strong pressure.} Bf8 34. Bc3 Nxb4 35. Bxb4 Bxb4 36. Rxd5 {[%mdl 4096] Endgame KRB-KRN} g6 37. Nh6+ Kg7 38. Ng4 Rc7 $2 {[#]} (38... Be1 $16 {was worth a try.}) 39. Nf6 $1 $18 {[%cal Rf6e8]} Rc8 40. Rd7 b5 $2 (40... Rc4 41. Rxb7 a5) 41. Nd5 Bc5 42. e6 {Precision: White = 63%, Black = 33%.} 1-0

[Event "Tata Steel India 2018-Blitz"]
[Site "Kolkata"]
[Date "2018.11.13"]
[Round "2"]
[White "Vidit, Santosh Gujrathi"]
[Black "So, Wesley"]
[Result "1/2-1/2"]
[WhiteElo "2702"]
[BlackElo "2765"]
[Annotator "TA"]
[PlyCount "50"]
[EventDate "2018.11.09"]
[EventType "tourn"]
[EventCountry "IND"]
[SourceTitle "playchess.com"]
[Source "ChessBase"]
[SourceQuality "1"]

{[%evp 17,50,27,55,40,16,14,22,11,22,2,2,8,0,10,1,-4,0,0,1,0,0,0,0,0,0,0,0,0,0,0,0,0,0,0,0]} 1. d4 d5 2. Nf3 Nf6 3. c4 dxc4 4. e3 e6 5. Bxc4 c5 6. O-O Nc6 7. Nc3 a6 8. dxc5 Bxc5 9. Qxd8+ Kxd8 {LiveBook: 8 Games} 10. Bd2 {D27: Queen's Gambit Accepted: Classical main line: 7 e4!? and 7 a4} (10. b3 b5 11. Be2 Bb7 12. Bb2 Ke7 13. Rac1 Bd6 14. Rfd1 Rhd8 15. Ng5 Ne5 16. Rxd6 Rxd6 17. Ba3 Ne8 {1-0 (51) Adhiban,B (2666)-Ivanchuk,V (2747) Doha 2016}) 10... Ke7 11. Rac1 $146 {The position is equal.} ({Predecessor:} 11. e4 Nd4 12. Nxd4 Bxd4 13. Rad1 Rd8 14. Bg5 h6 15. Bxf6+ Bxf6 16. Rxd8 Kxd8 17. Rd1+ Bd7 18. Na4 b5 19. Rxd7+ Kxd7 20. Nb6+ Kc6 21. Bd3 Kxb6 {0-1 (21) Billaudelle,F (2181)-Fages,J (2162) LSS email 2010}) 11... Bd7 12. Bd3 Bd6 13. Na4 Nb4 14. Bxb4 $1 Bxb4 15. Nb6 Rab8 16. Ne5 Bd6 17. Nexd7 Nxd7 18. Nxd7 Kxd7 19. Be4 a5 20. Rfd1 Rhc8 21. Kf1 b6 22. g3 h5 23. Ke2 Rxc1 24. Rxc1 Rc8 25. Rxc8 Kxc8 {Precision: White = 54%, Black = 94%.} 1/2-1/2

[Event "Tata Steel India 2018-Blitz"]
[Site "Kolkata"]
[Date "2018.11.13"]
[Round "2"]
[White "Ganguly, Surya Shekhar"]
[Black "Karjakin, Sergey"]
[Result "1-0"]
[WhiteElo "2615"]
[BlackElo "2753"]
[Annotator "TA"]
[PlyCount "133"]
[EventDate "2018.11.09"]
[EventType "tourn"]
[EventCountry "IND"]
[SourceTitle "playchess.com"]
[Source "ChessBase"]
[SourceQuality "1"]

{[%evp 25,133,10,27,0,0,-4,0,-22,10,-76,-15,-16,0,0,0,0,0,0,0,-17,-17,-16,32,-99,-106,-126,-106,-119,-116,-125,-112,-114,-116,-110,285,290,523,449,447,260,265,188,608,158,156,161,402,389,396,403,402,392,583,397,401,397,397,397,384,368,484,479,566,540,579,572,566,550,779,500,806,444,917,914,759,710,870,591,1131,1134,1079,1054,1021,1005,1008,1004,990,983,973,969,932,932,5065,4133,29970,29971,29950,888,1079,940,2122,597,29989,29990,29990,29988,29988,29984,29990,29991]} 1. e4 e5 2. Nf3 Nc6 3. Bb5 a6 4. Ba4 Nf6 5. O-O Be7 6. d3 b5 7. Bb3 d6 8. Bd2 O-O 9. Re1 Bb7 10. a4 Nb8 11. axb5 axb5 12. Rxa8 Bxa8 13. Nc3 c6 {[#] LiveBook: 3 Games} 14. d4 $146 {C88: Closed Ruy Lopez: Anti-Marshall Systems} ({Predecessor:} 14. Ne2 Nbd7 15. Ng3 Nc5 16. Ba2 Ne6 17. Nf5 Bb7 18. b4 Bc8 19. c3 Re8 20. d4 Qc7 21. Nxe7+ Rxe7 {1-0 (43) McShane,L (2671)-Pein,M (2357) London 2016}) 14... Nbd7 15. Bg5 Qc7 16. Qe2 {The position is equal.} Re8 17. h3 (17. dxe5 $11 {keeps the balance.} Nxe5 18. Nxe5 dxe5 19. Be3) 17... Bf8 (17... exd4 $17 18. Nxd4 Bf8) 18. d5 $11 b4 19. dxc6 bxc3 20. cxd7 Nxd7 21. bxc3 h6 22. Bd2 Nf6 23. Qd3 d5 24. Nh4 (24. exd5 $14 {is the one way to stay ahead.} e4 25. Qa6) 24... Nxe4 $17 25. Bxd5 Nc5 26. Qb5 Rb8 $1 {[%cal Rb8b5]} 27. Bxf7+ Kxf7 28. Qc4+ Ne6 ({And not} 28... Ke8 29. Bf4 $11) 29. Qg4 {aiming for Qf5+.} Nf4 $2 {[%mdl 8192]} (29... Bd5 $17 {and life is bright. And now ...Kg8 would win.} 30. Nf5 Rd8) 30. Bxf4 $1 $18 Qc6 $2 (30... Qc8 {was worth a try.}) 31. Bxe5 Re8 32. Nf3 (32. Re3 $142 Kg8 33. Bxg7 $1 {[%mdl 512]}) 32... Kg8 33. Rd1 Re7 $2 (33... Qe4) 34. Rd6 $2 (34. Rd8 $18 {is the precise move to win.}) 34... Qe8 $16 {Black wants to play ...Bxf3.} 35. Qc4+ Kh7 $2 (35... Qf7 36. Qxf7+ Kxf7) 36. Qd3+ $18 Kg8 37. Rd8 Qc6 38. Bd6 Rf7 (38... Re8 $142 39. Bxf8 Rxf8 40. Rxf8+ Kxf8) 39. Bxf8 Rxf8 40. Rxf8+ Kxf8 41. Qd8+ Qe8 42. Qd6+ Kg8 43. Ne5 Be4 44. f3 Bxc2 45. c4 Qa4 46. c5 Qb4 47. Ng4 Kh7 (47... Bb3 $142 48. Qe5 Ba4) 48. Qd5 Qc3 (48... Bb3 $142 49. Qf5+ Kg8) 49. Qe5 Qb4 50. Kh2 Qb5 51. Kg3 Qc6 52. Qd6 Qe8 53. Ne5 Qh5 54. Qe7 Qf5 55. c6 {[%cal Bc5c6,Bc6c7][%mdl 32]} Bb3 56. c7 Be6 57. Qd6 Qg5+ 58. Kf2 Qh4+ 59. Kg1 Qe1+ 60. Kh2 Bf5 {[#]} 61. Nc4 (61. Ng6 $142 $1 {[%mdl 512]} Bxg6 62. c8=Q Qe8 63. Qxe8 Bxe8 64. Qf8 Bg6 65. f4 Bb1 66. f5) 61... Qc1 62. Nb6 Qc2 63. Qe5 (63. Nd5 $142 Qb3 64. Ne7) 63... Kg6 64. Nd5 {White mates.} Kf7 65. Qe7+ Kg6 66. Ne3 Qc1 67. Qd6+ {Precision: White = 52%, Black = 24%.} 1-0